| 000 | 01334nam a22003017a 4500 | ||
|---|---|---|---|
| 999 |
_c64218 _d64218 |
||
| 005 | 20240530110720.0 | ||
| 008 | 180322s2016 ua g b 000 0dara d | ||
| 017 |
_a2014/22848 _bمصر. دار الكتب |
||
| 020 | _a9789777189705 | ||
| 040 |
_aEG-CaGPL _cEG-CaGPL |
||
| 082 | 0 | 4 |
_221 _a953.04 / _bى د |
| 245 | 0 | 2 |
_aالدين والتعليم والعلم فى العصر العباسى / _cتحرير يونج، لاثام، سيرجنت ؛ ترجمة وتقديم قاسم عبده قاسم |
| 250 | _aط.1 | ||
| 260 |
_aالقاهرة : _bالمركز القومى للترجمة ، _c2016. |
||
| 300 |
_a666 ص. ؛ _c24 سم. |
||
| 490 | 0 |
_aالمركز القومى للترجمة ؛ _v2446. |
|
| 504 | _aيشتمل على ارجاعات ببليوجرافية | ||
| 650 | 0 | 7 |
_2qrmak _aالدولة العباسية |
| 650 | 0 | 7 |
_2qrmak _aالدين _xتاريخ _xالدولة العباسية |
| 650 | 0 | 7 |
_2qrmak _aالتعليم _xتاريخ _xالدولة العباسية |
| 650 | 0 | 7 |
_2qrmak _aالعلم _xتاريخ _xالدولة العباسية |
| 700 | 0 |
_aيونج _eمحرر |
|
| 700 | 0 |
_aلاثام _eمحرر مشارك |
|
| 700 | 0 |
_aسيرجنت _eمحرر مشارك |
|
| 700 | 0 |
_aقاسم عبده قاسم _eمترجم ومقدم |
|
| 942 |
_2ddc _cBK |
||